00782nam a2200205 a 450000100060000000300080000600500170001400800410003102000160007203500190008804000320010704100080013908200390014711000360018624501270022226000520034930000450040165100550044665100750050162420BD-RjUL20211209081101.0170124s1979 bg 000 0 eng  c: Tk 30.00  a(BD-RjUL)62546 aDLCcDLCdDLCdBD-RjULbeng aeng 223a304.6095492021bCHT 1979 (DCR)1 aBangladesh Bureau of Statistics10aPopulation census of Bangladesh, 1974 :bDistrict census report, Chittagong Hill Tracts /cBangladesh Bureau of Statistics aDacca :bBangladesh Bureau of Statisticsc1979. aiv, [4], 161, [4] p. :bIll. ;c29 cm. aBangladesh zChittagong Hill TractsvCensus, 1974. aBangladesh zChittagong Hill TractsxPopulationvStatistics. y1974.